[Event "NB I. Charousek csoport"]
[Site "Komlo"]
[Date "2024.04.21"]
[Round "10.4"]
[White "Amrein, Roland"]
[Black "Pram, Imre"]
[Result "1-0"]
[WhiteElo "2160"]
[BlackElo "2034"]
[PlyCount "75"]
[EventDate "2023.10.08"]
[EventType "team-tourn"]
[EventRounds "11"]
[EventCountry "HUN"]
[Source "chess.hu"]
[WhiteTeam "Komloi BSK"]
[BlackTeam "Szechenyi ESE Gyor"]
[WhiteTeamCountry "HUN"]
[BlackTeamCountry "HUN"]

1. e4 c5 2. Nf3 e6 3. d4 cxd4 4. Nxd4 a6 5. Bd3 Qc7 6. O-O Nc6 7. Nxc6 dxc6 8.
Qe2 Nf6 9. e5 Nd7 10. f4 Nc5 11. Nc3 Nxd3 12. cxd3 Be7 13. Ne4 O-O 14. Rf3 f5
15. exf6 Bxf6 16. Be3 b6 17. Rc1 Bd7 18. g4 Rae8 19. Rh3 Rf7 20. g5 Be7 21.
Rxh7 g6 22. Rh6 Rh7 23. Rxh7 Kxh7 24. Qf2 e5 25. Bxb6 Qb8 26. fxe5 Bf5 27. Rxc6
Rc8 28. Qh4+ Kg8 29. Nf6+ Bxf6 30. Qc4+ Kh7 31. exf6 Qb7 32. Rxc8 Bxc8 33. Bc7
Qa7+ 34. Kg2 Bb7+ 35. Kf1 Bd5 36. Qxd5 Qxc7 37. Qc4 Qd7 38. Ke1 1-0

[Event "NB I. Charousek csoport"]
[Site "Komlo"]
[Date "2024.04.21"]
[Round "10.5"]
[White "Szabo, Laszlo"]
[Black "Kresz, Adam"]
[Result "0-1"]
[WhiteElo "1971"]
[BlackElo "2149"]
[PlyCount "82"]
[EventDate "2023.10.08"]
[EventType "team-tourn"]
[EventRounds "11"]
[EventCountry "HUN"]
[Source "chess.hu"]
[WhiteTeam "Szechenyi ESE Gyor"]
[BlackTeam "Komloi BSK"]
[WhiteTeamCountry "HUN"]
[BlackTeamCountry "HUN"]

1. e4 e6 2. d4 d5 3. Nd2 Nf6 4. e5 Nfd7 5. f4 c5 6. c3 Nc6 7. Ndf3 f6 8. Bd3
cxd4 9. cxd4 Qb6 10. g3 Be7 11. h4 Nf8 12. Ne2 Bd7 13. b3 O-O-O 14. a3 Kb8 15.
b4 Rc8 16. Bd2 h5 17. Rb1 Be8 18. Qb3 Bg6 19. Bxg6 Nxg6 20. a4 Bf8 21. Qd3 Nge7
22. a5 Qd8 23. b5 Nxa5 24. Bb4 Nf5 25. Bc3 Nc4 26. Kf2 Qb6 27. Rb3 Be7 28. Ra1
Rc7 29. Be1 Rhc8 30. Nc3 Rd7 31. Na4 Qd8 32. Qb1 b6 33. Nb2 Nxb2 34. Rxb2 Qe8
35. Qa2 Qg6 36. Kg2 Rc3 37. Rb3 Rc2+ 38. Qxc2 Nxh4+ 39. Kh3 Qxc2 40. Rc3 Qg2+
41. Kxh4 Qh1+ 0-1

[Event "NB I. Charousek csoport"]
[Site "Komlo"]
[Date "2024.04.21"]
[Round "10.6"]
[White "Benedek, Istvan"]
[Black "Molnar, Gabor"]
[Result "1-0"]
[WhiteElo "2172"]
[BlackElo "1968"]
[PlyCount "79"]
[EventDate "2023.10.08"]
[EventType "team-tourn"]
[EventRounds "11"]
[EventCountry "HUN"]
[Source "chess.hu"]
[WhiteTeam "Komloi BSK"]
[BlackTeam "Szechenyi ESE Gyor"]
[WhiteTeamCountry "HUN"]
[BlackTeamCountry "HUN"]

1. e4 e6 2. d4 d5 3. e5 c5 4. c3 Nc6 5. Nf3 Qb6 6. Bd3 cxd4 7. O-O Bd7 8. Re1
Nge7 9. Nbd2 Ng6 10. Nb3 dxc3 11. bxc3 Qc7 12. Qe2 Be7 13. Bd2 Rc8 14. Nbd4 a6
15. a4 Na5 16. g3 Nc4 17. Bc1 Qa5 18. Qc2 b5 19. Nb3 Qb6 20. axb5 axb5 21. h4
b4 22. h5 Ngxe5 23. Nxe5 Nxe5 24. Rxe5 Rxc3 25. Ra8+ Bd8 26. Qb1 Qc6 27. Ra1
Bf6 28. Bf4 Bc8 29. Nd4 Qc5 30. Bb5+ Kf8 31. Qd1 Bxe5 32. Bxe5 f6 33. Bb8 Qb6
34. Ba7 Qb7 35. Qa4 Kf7 36. Qxb4 Rc4 37. Qb3 Rc7 38. Bb6 Re7 39. Bc5 e5 40. Nc6
1-0

[Event "NB I. Charousek csoport"]
[Site "Komlo"]
[Date "2024.04.21"]
[Round "10.7"]
[White "Kocsis, Tihamer"]
[Black "Jeszenszky, Jozsef"]
[Result "1/2-1/2"]
[WhiteElo "1933"]
[BlackElo "2029"]
[PlyCount "44"]
[EventDate "2023.10.08"]
[EventType "team-tourn"]
[EventRounds "11"]
[EventCountry "HUN"]
[Source "chess.hu"]
[WhiteTeam "Szechenyi ESE Gyor"]
[BlackTeam "Komloi BSK"]
[WhiteTeamCountry "HUN"]
[BlackTeamCountry "HUN"]

1. e4 e6 2. d4 d5 3. Bd3 dxe4 4. Bxe4 Nf6 5. Bf3 Bd6 6. Ne2 O-O 7. O-O e5 8.
dxe5 Bxe5 9. c3 c6 10. Qxd8 Rxd8 11. Nd2 Bf5 12. Nc4 Bc7 13. Bf4 Bxf4 14. Nxf4
Na6 15. Ne3 Be4 16. Bxe4 Nxe4 17. f3 Nf6 18. Rad1 Nc5 19. Rxd8+ Rxd8 20. Rd1
Rxd1+ 21. Nxd1 g5 22. Nh3 h6 1/2-1/2

[Event "NB I. Charousek csoport"]
[Site "Komlo"]
[Date "2024.04.21"]
[Round "10.8"]
[White "Solty, Laszlo"]
[Black "Horvath, Laszlo"]
[Result "1-0"]
[WhiteElo "2059"]
[BlackElo "1900"]
[PlyCount "53"]
[EventDate "2023.10.08"]
[EventType "team-tourn"]
[EventRounds "11"]
[EventCountry "HUN"]
[Source "chess.hu"]
[WhiteTeam "Komloi BSK"]
[BlackTeam "Szechenyi ESE Gyor"]
[WhiteTeamCountry "HUN"]
[BlackTeamCountry "HUN"]

1. e4 Nf6 2. e5 Nd5 3. c4 Nb6 4. c5 Nd5 5. Nc3 e6 6. d4 d6 7. cxd6 cxd6 8. Nf3
Nc6 9. Bb5 Be7 10. O-O O-O 11. Ne4 dxe5 12. Bxc6 bxc6 13. Nxe5 Bb7 14. Qa4 Nb6
15. Qd1 Rc8 16. Nc5 Ba8 17. b3 Qd5 18. Ba3 Rfd8 19. Qf3 Bf6 20. Qg3 Qxd4 21.
Ng4 Kh8 22. Rab1 Rd5 23. Bb2 Qxc5 24. Nxf6 Rg5 25. Qh4 Qf5 26. f4 Rg6 27. Qxh7#
1-0

[Event "NB I. Charousek csoport"]
[Site "Komlo"]
[Date "2024.04.21"]
[Round "10.9"]
[White "Gulacsi, Donat Ferenc"]
[Black "Lantos, Levente"]
[Result "0-1"]
[WhiteElo "1940"]
[BlackElo "2076"]
[PlyCount "82"]
[EventDate "2023.10.08"]
[EventType "team-tourn"]
[EventRounds "11"]
[EventCountry "HUN"]
[Source "chess.hu"]
[WhiteTeam "Szechenyi ESE Gyor"]
[BlackTeam "Komloi BSK"]
[WhiteTeamCountry "HUN"]
[BlackTeamCountry "HUN"]

1. e4 c5 2. Ne2 d6 3. c4 e5 4. d3 g6 5. g3 Bg7 6. Nbc3 Ne7 7. Bg2 O-O 8. O-O
Nbc6 9. Rb1 Bd7 10. a3 Nd4 11. b4 b6 12. Nxd4 cxd4 13. Nd5 Nxd5 14. exd5 Rc8
15. a4 f5 16. Qb3 Qe8 17. b5 f4 18. gxf4 exf4 19. f3 g5 20. Ba3 Qg6 21. Rf2 Bf5
22. Bf1 Rfe8 23. Kh1 Re5 24. Bb2 Re7 25. Rd1 Rce8 26. Qb4 h5 27. Ba3 Be5 28.
Qd2 Rf8 29. Rg2 Rg7 30. Be2 Bh3 31. Rgg1 Qf5 32. Bf1 Bxf1 33. Rdxf1 g4 34. Rg2
g3 35. hxg3 fxg3 36. Bc1 h4 37. Qe2 h3 38. Bh6 hxg2+ 39. Kxg2 Rh7 40. Rh1 Rf6
41. f4 Rfxh6 0-1

[Event "NB I. Charousek csoport"]
[Site "Komlo"]
[Date "2024.04.21"]
[Round "10.10"]
[White "Juhasz, Zoltan"]
[Black "Horvath, Zoltan"]
[Result "1/2-1/2"]
[WhiteElo "1995"]
[BlackElo "1915"]
[PlyCount "94"]
[EventDate "2023.10.08"]
[EventType "team-tourn"]
[EventRounds "11"]
[EventCountry "HUN"]
[Source "chess.hu"]
[WhiteTeam "Komloi BSK"]
[BlackTeam "Szechenyi ESE Gyor"]
[WhiteTeamCountry "HUN"]
[BlackTeamCountry "HUN"]

1. e4 e5 2. Nf3 Nc6 3. Bc4 Bc5 4. c3 Qf6 5. d3 a6 6. Bb3 h6 7. O-O d6 8. Nbd2
Be6 9. Bxe6 Qxe6 10. Nb3 Bb6 11. Re1 O-O-O 12. Be3 Bxe3 13. Rxe3 f5 14. d4 f4
15. Rd3 Qe7 16. d5 Nb8 17. Nbd2 g5 18. b4 Nf6 19. c4 Nbd7 20. Rc1 Kb8 21. Qc2
Rc8 22. c5 c6 23. cxd6 Qxd6 24. dxc6 Qxc6 25. Qxc6 Rxc6 26. Rxc6 bxc6 27. h3
Kc7 28. Ne1 a5 29. a3 h5 30. g3 axb4 31. axb4 Ra8 32. Kg2 Ra2 33. gxf4 exf4 34.
Nef3 g4 35. hxg4 hxg4 36. Nd4 f3+ 37. Kh2 Ne5 38. Ne6+ Kb6 39. Rd6 Ne8 40. Rd8
Nc7 41. Nc5 Ra8 42. Nd7+ Nxd7 43. Rxd7 Ra2 44. Kg3 Ne8 45. e5 Ra4 46. e6 Rxb4
47. e7 Ng7 1/2-1/2

[Event "NB I. Charousek csoport"]
[Site "Komlo"]
[Date "2024.04.21"]
[Round "10.11"]
[White "Toth, Balazs"]
[Black "Csiszar, Viktoria"]
[Result "1/2-1/2"]
[WhiteElo "1870"]
[BlackElo "1898"]
[PlyCount "21"]
[EventDate "2023.10.08"]
[EventType "team-tourn"]
[EventRounds "11"]
[EventCountry "HUN"]
[Source "chess.hu"]
[WhiteTeam "Szechenyi ESE Gyor"]
[BlackTeam "Komloi BSK"]
[WhiteTeamCountry "HUN"]
[BlackTeamCountry "HUN"]

1. d4 Nf6 2. Bf4 c5 3. e3 Qb6 4. Nc3 cxd4 5. Qxd4 Qxd4 6. exd4 d6 7. Nf3 Bf5 8.
O-O-O h6 9. Bb5+ Nbd7 10. Rhe1 O-O-O 11. h3 1/2-1/2

[Event "NB I. Charousek csoport"]
[Site "Komlo"]
[Date "2024.04.21"]
[Round "10.12"]
[White "Pater, Peter"]
[Black "Farkas, Virag"]
[Result "1/2-1/2"]
[WhiteElo "1957"]
[BlackElo "1787"]
[PlyCount "34"]
[EventDate "2023.10.08"]
[EventType "team-tourn"]
[EventRounds "11"]
[EventCountry "HUN"]
[Source "chess.hu"]
[WhiteTeam "Komloi BSK"]
[BlackTeam "Szechenyi ESE Gyor"]
[WhiteTeamCountry "HUN"]
[BlackTeamCountry "HUN"]

1. d4 d5 2. c4 e6 3. Nf3 Nf6 4. g3 Be7 5. Bg2 O-O 6. O-O Nbd7 7. Nbd2 b6 8. b3
Bb7 9. Bb2 Re8 10. Rc1 c5 11. e3 Rc8 12. Qe2 Bf8 13. Rfd1 Qe7 14. Ba3 Ba6 15.
Qe1 Qd8 16. dxc5 Bxc5 17. Bb2 Qe7 1/2-1/2

[Event "NB I. Charousek csoport"]
[Site "Gyor"]
[Date "2024.05.12"]
[Round "11.2"]
[White "Gyurkovics, Bence Dr"]
[Black "Magold, Filip"]
[Result "0-1"]
[WhiteElo "2265"]
[BlackElo "2417"]
[PlyCount "72"]
[EventDate "2023.10.08"]
[EventType "team-tourn"]
[EventRounds "11"]
[EventCountry "HUN"]
[Source "chess.hu"]
[WhiteTeam "Szechenyi ESE Gyor"]
[BlackTeam "SZ-A STE"]
[WhiteTeamCountry "HUN"]
[BlackTeamCountry "HUN"]

1. d4 d5 2. c4 c6 3. Nf3 Nf6 4. Nbd2 Bf5 5. g3 h6 6. Bg2 e6 7. O-O Be7 8. b3
O-O 9. Bb2 a5 10. a3 Nbd7 11. Ne5 Bh7 12. Ndf3 Qb6 13. c5 Qc7 14. b4 b6 15. Nd3
Qb7 16. Qc2 Rfb8 17. Bc3 Ne4 18. Nd2 Ndf6 19. f3 Nxc3 20. Qxc3 Nd7 21. Rfc1 e5
22. e3 exd4 23. exd4 axb4 24. axb4 Rxa1 25. Rxa1 Bxd3 26. Qxd3 Bf6 27. Rb1 Qa7
28. Bh3 Nf8 29. Nb3 Qa3 30. cxb6 Rxb6 31. Nc5 Qa2 32. Nd7 Bxd4+ 33. Kh1 Nxd7
34. Bxd7 g6 35. b5 cxb5 36. Rxb5 Qf2 0-1

[Event "NB I. Charousek csoport"]
[Site "Gyor"]
[Date "2024.05.12"]
[Round "11.3"]
[White "Takacs, Balazs"]
[Black "Finszter, Mate"]
[Result "1-0"]
[WhiteElo "2323"]
[BlackElo "2227"]
[PlyCount "97"]
[EventDate "2023.10.08"]
[EventType "team-tourn"]
[EventRounds "11"]
[EventCountry "HUN"]
[Source "chess.hu"]
[WhiteTeam "SZ-A STE"]
[BlackTeam "Szechenyi ESE Gyor"]
[WhiteTeamCountry "HUN"]
[BlackTeamCountry "HUN"]

1. e4 g6 2. d4 Bg7 3. Nc3 Nc6 4. Be3 d5 5. exd5 Nb4 6. Bb5+ Bd7 7. Bc4 Bf5 8.
Bb3 Nf6 9. Qd2 Nbxd5 10. Nxd5 Nxd5 11. Bh6 Bxh6 12. Qxh6 Qd6 13. Ne2 O-O-O 14.
O-O-O f6 15. Ng3 e6 16. Nxf5 exf5 17. Rhe1 c6 18. g3 Rd7 19. c4 Nc7 20. c5 Qf8
21. Qf4 Qd8 22. Bc4 Re8 23. Rxe8 Qxe8 24. Rd2 Qe1+ 25. Kc2 Nd5 26. Bxd5 Rxd5
27. Qe3 Qf1 28. Qd3 Qxd3+ 29. Kxd3 f4 30. g4 h5 31. h3 b6 32. b4 a5 33. a3 axb4
34. axb4 bxc5 35. bxc5 hxg4 36. hxg4 Rg5 37. f3 f5 38. gxf5 Rxf5 39. Ke4 Rd5
40. Kxf4 g5+ 41. Ke4 Kb7 42. Rh2 Kc7 43. Rh7+ Kd8 44. Rh5 Kc8 45. f4 gxf4 46.
Rxd5 cxd5+ 47. Kxf4 Kd7 48. Ke5 Kc6 49. Ke6 1-0

[Event "NB I. Charousek csoport"]
[Site "Gyor"]
[Date "2024.05.12"]
[Round "11.4"]
[White "Csidey, Csongor"]
[Black "Gjuran, Denis"]
[Result "1/2-1/2"]
[WhiteElo "2060"]
[BlackElo "2287"]
[PlyCount "32"]
[EventDate "2023.10.08"]
[EventType "team-tourn"]
[EventRounds "11"]
[EventCountry "HUN"]
[Source "chess.hu"]
[WhiteTeam "Szechenyi ESE Gyor"]
[BlackTeam "SZ-A STE"]
[WhiteTeamCountry "HUN"]
[BlackTeamCountry "HUN"]

1. e4 c5 2. c3 d5 3. exd5 Qxd5 4. d4 Nf6 5. Nf3 e6 6. Na3 a6 7. Nc4 Nbd7 8. a4
b6 9. Be2 Bb7 10. O-O cxd4 11. Qxd4 Bc5 12. Qf4 Qe4 13. Re1 O-O 14. Nd6 Qxf4
15. Bxf4 Bxd6 16. Bxd6 Rfc8 1/2-1/2

[Event "NB I. Charousek csoport"]
[Site "Gyor"]
[Date "2024.05.12"]
[Round "11.5"]
[White "Ronai, Akos Balazs"]
[Black "Csuta, Akos Koppany"]
[Result "1-0"]
[WhiteElo "2184"]
[BlackElo "2122"]
[PlyCount "95"]
[EventDate "2023.10.08"]
[EventType "team-tourn"]
[EventRounds "11"]
[EventCountry "HUN"]
[Source "chess.hu"]
[WhiteTeam "SZ-A STE"]
[BlackTeam "Szechenyi ESE Gyor"]
[WhiteTeamCountry "HUN"]
[BlackTeamCountry "HUN"]

1. e4 c5 2. Nc3 Nc6 3. Bb5 Nd4 4. Bc4 d6 5. Nf3 Nf6 6. h3 e6 7. O-O Be7 8. d3
Nc6 9. d4 cxd4 10. Nxd4 O-O 11. Be3 a6 12. a3 Qc7 13. Ba2 b5 14. Nxc6 Qxc6 15.
f3 Bb7 16. Ne2 Rfe8 17. Rc1 d5 18. e5 Nd7 19. Nd4 Qc7 20. f4 Bc5 21. c3 Nf8 22.
Qe2 Rac8 23. Nf3 Ng6 24. Kh1 Qb6 25. Bxc5 Rxc5 26. Nd4 Rc7 27. Bb1 Rce7 28. Bd3
Bc8 29. Rce1 Qc7 30. Qg4 Nf8 31. Qh4 g6 32. Qg5 Nd7 33. h4 Nc5 34. Bb1 Rd7 35.
h5 Qd8 36. Qg3 Kh8 37. Qh3 Ne4 38. Bxe4 dxe4 39. hxg6 fxg6 40. Rxe4 Bb7 41. Re2
Bd5 42. Rd2 Qb6 43. Rfd1 Rf7 44. Qe3 Ref8 45. Rf1 g5 46. f5 exf5 47. e6 Bxe6
48. Qxe6 1-0

[Event "NB I. Charousek csoport"]
[Site "Gyor"]
[Date "2024.05.12"]
[Round "11.6"]
[White "Pram, Imre"]
[Black "Titan, Matej"]
[Result "0-1"]
[WhiteElo "2021"]
[BlackElo "2191"]
[PlyCount "78"]
[EventDate "2023.10.08"]
[EventType "team-tourn"]
[EventRounds "11"]
[EventCountry "HUN"]
[Source "chess.hu"]
[WhiteTeam "Szechenyi ESE Gyor"]
[BlackTeam "SZ-A STE"]
[WhiteTeamCountry "HUN"]
[BlackTeamCountry "HUN"]

1. e4 e5 2. d4 exd4 3. Qxd4 Nc6 4. Qe3 Nf6 5. Nc3 g6 6. Bd2 Bg7 7. Bc4 O-O 8.
O-O-O Na5 9. Bd3 d5 10. Nxd5 Nxd5 11. Qc5 Qf6 12. Qa3 Nf4 13. Bxa5 Nxd3+ 14.
Rxd3 Qg5+ 15. Rd2 Qxg2 16. Qf3 Qxf3 17. Nxf3 b6 18. Bc3 Bh6 19. Nd4 Bd7 20. Kb1
Bxd2 21. Bxd2 c5 22. Ne2 Bc6 23. Ng3 f5 24. f3 fxe4 25. fxe4 Rae8 26. h4 Bxe4
27. Nxe4 Rxe4 28. h5 Rf2 29. Bc3 g5 30. a3 g4 31. Rg1 Kf7 32. Rg3 Ke6 33. Rd3
Rh2 34. Rd8 Rxh5 35. Re8+ Kd5 36. Rd8+ Kc6 37. Rc8+ Kb7 38. Rg8 Rh3 39. Rg7+
Ka6 0-1

[Event "NB I. Charousek csoport"]
[Site "Gyor"]
[Date "2024.05.12"]
[Round "11.7"]
[White "Kovac, Boris"]
[Black "Szabo, Laszlo"]
[Result "1-0"]
[WhiteElo "2158"]
[BlackElo "1960"]
[PlyCount "63"]
[EventDate "2023.10.08"]
[EventType "team-tourn"]
[EventRounds "11"]
[EventCountry "HUN"]
[Source "chess.hu"]
[WhiteTeam "SZ-A STE"]
[BlackTeam "Szechenyi ESE Gyor"]
[WhiteTeamCountry "HUN"]
[BlackTeamCountry "HUN"]

1. e4 c5 2. Nf3 e6 3. c4 d6 4. d4 cxd4 5. Nxd4 a6 6. Nc3 Qc7 7. Be2 Nf6 8. Be3
Nbd7 9. O-O b6 10. f4 Bb7 11. Qc2 Be7 12. Rac1 Rc8 13. a3 Qb8 14. b4 Qa8 15.
Bd3 O-O 16. h3 Rfe8 17. Nf3 d5 18. cxd5 exd5 19. e5 Ne4 20. Qb3 Nxc3 21. Rxc3
Rxc3 22. Qxc3 b5 23. Bd4 Bd8 24. e6 Rxe6 25. Bxg7 f6 26. Bh6 d4 27. Nxd4 Bb6
28. Bf5 Rd6 29. Qg3+ Kf7 30. Qg7+ Ke8 31. Bxd7+ Rxd7 32. Qf8# 1-0

[Event "NB I. Charousek csoport"]
[Site "Gyor"]
[Date "2024.05.12"]
[Round "11.8"]
[White "Molnar, Gabor"]
[Black "Makk, Robert"]
[Result "1-0"]
[WhiteElo "1960"]
[BlackElo "2155"]
[PlyCount "67"]
[EventDate "2023.10.08"]
[EventType "team-tourn"]
[EventRounds "11"]
[EventCountry "HUN"]
[Source "chess.hu"]
[WhiteTeam "Szechenyi ESE Gyor"]
[BlackTeam "SZ-A STE"]
[WhiteTeamCountry "HUN"]
[BlackTeamCountry "HUN"]

1. d4 d5 2. Nf3 Nf6 3. g3 c6 4. Bg2 e6 5. O-O Bd6 6. c4 dxc4 7. Qc2 Nbd7 8.
Qxc4 O-O 9. Nc3 Qe7 10. Nh4 Rd8 11. e4 Nb6 12. Qe2 e5 13. dxe5 Bxe5 14. h3 Be6
15. Nf5 Qc7 16. Ne3 Nfd7 17. f4 Bxc3 18. bxc3 f6 19. Ba3 Na4 20. Nf5 Nxc3 21.
Ne7+ Kh8 22. Qh5 Nf8 23. e5 Nb5 24. exf6 Nxa3 25. Qg5 Ng6 26. f5 Qe5 27. Nxg6+
hxg6 28. fxg7+ Kg8 29. Rae1 Qd4+ 30. Kh2 Bxf5 31. Re7 Rd7 32. Rfe1 Qd6 33. Qh4
Rxe7 34. Rxe7 1-0

[Event "NB I. Charousek csoport"]
[Site "Gyor"]
[Date "2024.05.12"]
[Round "11.9"]
[White "Hitter, Gabriella"]
[Black "Kocsis, Tihamer"]
[Result "1/2-1/2"]
[WhiteElo "2047"]
[BlackElo "1949"]
[PlyCount "75"]
[EventDate "2023.10.08"]
[EventType "team-tourn"]
[EventRounds "11"]
[EventCountry "HUN"]
[Source "chess.hu"]
[WhiteTeam "SZ-A STE"]
[BlackTeam "Szechenyi ESE Gyor"]
[WhiteTeamCountry "HUN"]
[BlackTeamCountry "HUN"]

1. e4 d5 2. exd5 Qxd5 3. Nc3 Qd8 4. Bc4 Nf6 5. d3 Bg4 6. Nge2 e6 7. Bg5 Be7 8.
Qd2 h6 9. Be3 c6 10. Ng3 Nbd7 11. Nce4 Bh5 12. Nxh5 Nxh5 13. Qe2 Nhf6 14. O-O
Nb6 15. Bb3 Nbd5 16. Bd2 Qc7 17. Qf3 Qe5 18. c4 Nxe4 19. Qxe4 Qxe4 20. dxe4 Nf6
21. e5 Nd7 22. Bc3 O-O-O 23. Rad1 Nb6 24. a4 Rxd1 25. Rxd1 Rd8 26. Re1 Bc5 27.
a5 Na8 28. Re4 h5 29. Rh4 g6 30. Rf4 Rd7 31. Bc2 Nc7 32. Kf1 Na6 33. Ke2 Kd8
34. Rf3 Ke7 35. Rd3 Rxd3 36. Bxd3 Kd7 37. f3 Kc7 38. g4 1/2-1/2

[Event "NB I. Charousek csoport"]
[Site "Gyor"]
[Date "2024.05.12"]
[Round "11.10"]
[White "Horvath, Laszlo"]
[Black "Parragi, Istvan"]
[Result "0-1"]
[WhiteElo "1893"]
[BlackElo "1937"]
[PlyCount "78"]
[EventDate "2023.10.08"]
[EventType "team-tourn"]
[EventRounds "11"]
[EventCountry "HUN"]
[Source "chess.hu"]
[WhiteTeam "Szechenyi ESE Gyor"]
[BlackTeam "SZ-A STE"]
[WhiteTeamCountry "HUN"]
[BlackTeamCountry "HUN"]

1. e4 c5 2. Nf3 e6 3. d4 cxd4 4. Nxd4 a6 5. Be2 Nf6 6. Nc3 Qc7 7. O-O Bc5 8.
Be3 h5 9. f4 d6 10. Qd2 b5 11. a3 Bb7 12. Bf3 Nbd7 13. Nb3 Rd8 14. Rad1 Ng4 15.
Bxg4 hxg4 16. Nxc5 Nxc5 17. e5 Ne4 18. Nxe4 Bxe4 19. exd6 Qc6 20. c3 Rh5 21.
Qf2 Rxd6 22. Rd4 Rxd4 23. Bxd4 f6 24. Re1 Kf7 25. Qe2 Bf5 26. Qf2 Rh8 27. Bb6
Rb8 28. Ba5 Rb7 29. Rd1 Rd7 30. Rd4 Be4 31. Rxd7+ Qxd7 32. Qe2 Qa7+ 33. Kf1 Bd5
34. Qf2 Qd7 35. Bb6 Bc4+ 36. Ke1 Qd3 37. Bd4 Qb1+ 38. Kd2 Qxb2+ 39. Ke1 Qc1#
0-1

[Event "NB I. Charousek csoport"]
[Site "Gyor"]
[Date "2024.05.12"]
[Round "11.11"]
[White "Makk, Norbert"]
[Black "Gulacsi, Donat Ferenc"]
[Result "1/2-1/2"]
[WhiteElo "1990"]
[BlackElo "1899"]
[PlyCount "44"]
[EventDate "2023.10.08"]
[EventType "team-tourn"]
[EventRounds "11"]
[EventCountry "HUN"]
[Source "chess.hu"]
[WhiteTeam "SZ-A STE"]
[BlackTeam "Szechenyi ESE Gyor"]
[WhiteTeamCountry "HUN"]
[BlackTeamCountry "HUN"]

1. Nf3 d5 2. d4 Nf6 3. g3 c5 4. c3 Nc6 5. Bg2 cxd4 6. cxd4 Bf5 7. O-O e6 8. a3
Be7 9. Nc3 O-O 10. b4 Ne4 11. Bb2 Nxc3 12. Bxc3 b5 13. Nd2 a5 14. Qb3 axb4 15.
axb4 Qd6 16. Rxa8 Rxa8 17. e4 dxe4 18. Nxe4 Bxe4 19. Bxe4 Ra4 20. d5 Nxb4 21.
dxe6 Qxe6 22. Qb1 g6 1/2-1/2

[Event "NB I. Charousek csoport"]
[Site "Gyor"]
[Date "2024.05.12"]
[Round "11.12"]
[White "Fulop, Julia Paula"]
[Black "Szabo, Zsombor"]
[Result "0-1"]
[WhiteElo "1603"]
[BlackElo "1805"]
[PlyCount "94"]
[EventDate "2023.10.08"]
[EventType "team-tourn"]
[EventRounds "11"]
[EventCountry "HUN"]
[Source "chess.hu"]
[WhiteTeam "Szechenyi ESE Gyor"]
[BlackTeam "SZ-A STE"]
[WhiteTeamCountry "HUN"]
[BlackTeamCountry "HUN"]

1. e4 e6 2. Nc3 d5 3. f4 Nf6 4. d3 Bb4 5. e5 Nfd7 6. Bd2 Nc6 7. Nf3 d4 8. Ne2
Bc5 9. c3 Nb6 10. Ng3 Nd5 11. Ne4 Bb6 12. Qb3 Rb8 13. c4 Ne3 14. c5 Ba5 15.
Bxa5 Nxa5 16. Qa4+ Nc6 17. Rc1 Qd5 18. Ned2 Bd7 19. Qa3 a6 20. b4 Ne7 21. Qb2
N7f5 22. Nb3 Rd8 23. Nbxd4 Nxd4 24. Nxd4 Ba4 25. Nf3 Nxf1 26. Rxf1 Qxd3 27. Kf2
O-O 28. Rc3 Qe4 29. g3 Rd3 30. Rxd3 Qxd3 31. Qb1 Qd5 32. Ng5 Qd2+ 33. Kg1 Qe3+
34. Rf2 g6 35. Qe4 Qc1+ 36. Rf1 Qc3 37. Qxb7 c6 38. Rf2 h6 39. Nf3 Bb5 40. Qe7
Qxb4 41. h4 Qe4 42. Qf6 Be2 43. Kg2 Rb8 44. h5 Bxf3+ 45. Kh3 Bxh5 46. Rd2 Qh1+
47. Rh2 Bg4+ 0-1

[Event "NB I. Charousek csoport"]
[Site "Paks"]
[Date "2024.05.12"]
[Round "11.1"]
[White "Karsa, Laszlo"]
[Black "Videki, Sandor"]
[Result "1/2-1/2"]
[WhiteElo "2314"]
[BlackElo "2336"]
[PlyCount "116"]
[EventDate "2023.10.08"]
[EventType "team-tourn"]
[EventRounds "11"]
[EventCountry "HUN"]
[Source "chess.hu"]
[WhiteTeam "Komloi BSK"]
[BlackTeam "ASE II. Paks"]
[WhiteTeamCountry "HUN"]
[BlackTeamCountry "HUN"]

1. d4 Nf6 2. Nf3 g6 3. g3 b6 4. Bg2 Bb7 5. O-O Bg7 6. a4 a6 7. c4 O-O 8. Nc3
Ne4 9. Nxe4 Bxe4 10. Be3 d6 11. Qd2 Nd7 12. Bh6 Nf6 13. Bxg7 Kxg7 14. d5 c5 15.
dxc6 Bxc6 16. Rfd1 Qc7 17. b3 Rfd8 18. Rac1 Qb7 19. Ne1 Bxg2 20. Nxg2 d5 21.
cxd5 Rxd5 22. Qe3 Rc8 23. f3 e5 24. Rxd5 Rxc1+ 25. Qxc1 Qxd5 26. Qc3 Nd7 27.
Ne3 Qc5 28. Qd3 Nf6 29. Kg2 b5 30. axb5 axb5 31. h3 h5 32. h4 Kh7 33. Nd1 Nd5
34. e4 Nb4 35. Qc3 Qd6 36. Nf2 Nc6 37. Nd3 b4 38. Qc4 Kg7 39. Qd5 Qe6 40. Kf2
Kf6 41. f4 exf4 42. gxf4 Qxd5 43. exd5 Nd4 44. Nxb4 Nxb3 45. Nc6 Nc5 46. Ke3
Nb7 47. Nd4 Nd6 48. Kf3 Nb7 49. Nc6 Nd6 50. Nd4 Ke7 51. Ke3 f6 52. Kf3 Kd7 53.
f5 g5 54. hxg5 fxg5 55. f6 Nf7 56. Nf5 Kd8 57. Ng7 h4 58. Nf5 Kd7 1/2-1/2

[Event "NB I. Charousek csoport"]
[Site "Paks"]
[Date "2024.05.12"]
[Round "11.2"]
[White "Molnar, Bela"]
[Black "Ivan, Attila"]
[Result "1/2-1/2"]
[WhiteElo "2285"]
[BlackElo "2219"]
[PlyCount "26"]
[EventDate "2023.10.08"]
[EventType "team-tourn"]
[EventRounds "11"]
[EventCountry "HUN"]
[Source "chess.hu"]
[WhiteTeam "ASE II. Paks"]
[BlackTeam "Komloi BSK"]
[WhiteTeamCountry "HUN"]
[BlackTeamCountry "HUN"]

1. e4 e5 2. Bc4 Nf6 3. d4 exd4 4. Nf3 Nc6 5. e5 d5 6. Bb5 Nd7 7. O-O Be7 8.
Bxc6 bxc6 9. Nxd4 Nxe5 10. Bf4 c5 11. Bxe5 cxd4 12. Bxg7 Rg8 13. Qxd4 f6
1/2-1/2

[Event "NB I. Charousek csoport"]
[Site "Paks"]
[Date "2024.05.12"]
[Round "11.3"]
[White "Amrein, Roland"]
[Black "Forgacs, Attila Jr"]
[Result "0-1"]
[WhiteElo "2170"]
[BlackElo "2269"]
[PlyCount "76"]
[EventDate "2023.10.08"]
[EventType "team-tourn"]
[EventRounds "11"]
[EventCountry "HUN"]
[Source "chess.hu"]
[WhiteTeam "Komloi BSK"]
[BlackTeam "ASE II. Paks"]
[WhiteTeamCountry "HUN"]
[BlackTeamCountry "HUN"]

1. b3 Nf6 2. Bb2 g6 3. e4 d6 4. g3 Bg7 5. Bg2 e5 6. Ne2 O-O 7. O-O Nc6 8. d4
Re8 9. Re1 h6 10. h3 Nh7 11. f4 exf4 12. Nxf4 h5 13. c3 Ne7 14. Qd3 c5 15. Na3
Nc6 16. Rad1 cxd4 17. cxd4 Ng5 18. Nc2 Ne6 19. Nd5 Ne7 20. Nde3 Ng5 21. Kh2 Be6
22. Ba3 a6 23. d5 Bxh3 24. Bxh3 Nf3+ 25. Kh1 Nxe1 26. Nxe1 g5 27. Nc4 g4 28.
Nxd6 gxh3 29. Nxe8 Qxe8 30. d6 Nc6 31. d7 Qe6 32. Nf3 Rd8 33. Ng5 Qg4 34. Nxf7
Kxf7 35. Qd5+ Kg6 36. Qd6+ Kh7 37. Kh2 Be5 38. Qd3 Bxg3+ 0-1